| 000 | 00756nam a22002057a 4500 | ||
|---|---|---|---|
| 999 |
_c185936 _d185936 |
||
| 005 | 20220211105012.0 | ||
| 010 | _aENG-131524 | ||
| 020 |
_a9789387997325 _c500.00 |
||
| 035 | _aEN-115056 | ||
| 037 | _bDBAD | ||
| 082 | _a333.9130954 | ||
| 100 | _aSwain, Mrutyunjay | ||
| 245 |
_aPressurized Irrigation Network Systems in India: _bAdoption, Efficiency and Institutional Dynaics/ _cMrutyunjay Swain, S.S. Kalamkar, Hemant Sharma |
||
| 260 |
_aNew Delhi _bAllied Publishers Private Limited _c2018 |
||
| 270 |
_a1/13-14, Asaf Ali Road _bNew Delhi _e110002 _mdelhi.books@alliedpublishers.com |
||
| 300 |
_axvii, 182p. _bRefrences _c25cm(hbk) |
||
| 700 | _aKalamkar, S.S. | ||
| 700 | _aSharma, Hemant | ||
| 942 |
_2ddc _cEN _h333.9130954 _mSWA |
||